<?xml version="1.0" encoding="UTF-8"?>
<record
    xmlns:xsi="http://www.w3.org/2001/XMLSchema-instance"
    xsi:schemaLocation="http://www.loc.gov/MARC21/slim http://www.loc.gov/standards/marcxml/schema/MARC21slim.xsd"
    xmlns="http://www.loc.gov/MARC21/slim">

  <leader>01014nas a2200265 454500</leader>
  <controlfield tag="001">13125</controlfield>
  <controlfield tag="005">20260407193504.0</controlfield>
  <controlfield tag="008">260407s2000####ag###########|||spa#d</controlfield>
  <controlfield tag="003">AR-UNSa-BCEJYS</controlfield>
  <datafield tag="040" ind1=" " ind2=" ">
    <subfield code="a">AR-UNSa-BCEJYS</subfield>
    <subfield code="b">spa</subfield>
    <subfield code="c">AR-UNSa-BCEJYS</subfield>
  </datafield>
  <datafield tag="080" ind1=" " ind2=" ">
    <subfield code="a">330</subfield>
    <subfield code="x">Econom&#xED;a en general</subfield>
  </datafield>
  <datafield tag="245" ind1="1" ind2="0">
    <subfield code="a">Documentos de trabajo</subfield>
  </datafield>
  <datafield tag="264" ind1=" " ind2="1">
    <subfield code="a">C&#xF3;rdoba :</subfield>
    <subfield code="b">Universidad Nacional de C&#xF3;rdoba. Facultad de Ciencias Econ&#xF3;micas. Instituto de Econom&#xED;a y Finanzas</subfield>
    <subfield code="c">2000</subfield>
  </datafield>
  <datafield tag="310" ind1=" " ind2=" ">
    <subfield code="a">Frecuencia: irregular</subfield>
  </datafield>
  <datafield tag="942" ind1=" " ind2=" ">
    <subfield code="c">SER</subfield>
  </datafield>
  <datafield tag="590" ind1=" " ind2=" ">
    <subfield code="a">niveau_biblio:s niveau_hierar:1</subfield>
  </datafield>
  <datafield tag="100" ind1="1" ind2=" ">
    <subfield code="a">Universidad Nacional de C&#xF3;rdoba. Facultad de Ciencias Econ&#xF3;micas. Departamento de Econom&#xED;a y finanzas</subfield>
  </datafield>
  <datafield tag="700" ind1="1" ind2=" ">
    <subfield code="a">Gay, Eneas O.</subfield>
  </datafield>
  <datafield tag="700" ind1="1" ind2=" ">
    <subfield code="a">Swoboda, Carlos Juan</subfield>
  </datafield>
  <datafield tag="700" ind1="1" ind2=" ">
    <subfield code="a">Visintini, Alfredo Aldo</subfield>
  </datafield>
  <datafield tag="700" ind1="1" ind2=" ">
    <subfield code="a">Vizzio, Miguel Angel</subfield>
  </datafield>
  <datafield tag="650" ind1=" " ind2=" ">
    <subfield code="a">Pol&#xED;tica econ&#xF3;mica</subfield>
  </datafield>
  <datafield tag="650" ind1=" " ind2=" ">
    <subfield code="a">ECONOMIA</subfield>
  </datafield>
  <datafield tag="856" ind1="4" ind2="1">
    <subfield code="u">https://biblioeco.unsa.edu.ar/pmb/images/revistas/Departamento de Economia y Finanzas.jpg</subfield>
    <subfield code="y">Imagen de portada</subfield>
    <subfield code="q">image/jpeg</subfield>
  </datafield>
  <datafield tag="999" ind1=" " ind2=" ">
    <subfield code="c">8453</subfield>
    <subfield code="d">8453</subfield>
  </datafield>
  <datafield tag="952" ind1=" " ind2=" ">
    <subfield code="0">0</subfield>
    <subfield code="1">0</subfield>
    <subfield code="4">0</subfield>
    <subfield code="7">0</subfield>
    <subfield code="a">BCEJYS</subfield>
    <subfield code="b">BCEJYS</subfield>
    <subfield code="c">17</subfield>
    <subfield code="d">2008-05-01</subfield>
    <subfield code="h">N&#xBA; 34 - mayo 2008</subfield>
    <subfield code="l">0</subfield>
    <subfield code="o">H330 TRA 34</subfield>
    <subfield code="p">R09382</subfield>
    <subfield code="r">2026-04-10 16:07:17</subfield>
    <subfield code="w">2026-04-10</subfield>
    <subfield code="y">RN</subfield>
  </datafield>
  <datafield tag="952" ind1=" " ind2=" ">
    <subfield code="0">0</subfield>
    <subfield code="1">0</subfield>
    <subfield code="4">0</subfield>
    <subfield code="7">0</subfield>
    <subfield code="a">BCEJYS</subfield>
    <subfield code="b">BCEJYS</subfield>
    <subfield code="c">17</subfield>
    <subfield code="d">2008-04-01</subfield>
    <subfield code="h">N&#xBA; 33 - abr. 2008</subfield>
    <subfield code="l">0</subfield>
    <subfield code="o">H330 TRA 33</subfield>
    <subfield code="p">R09381</subfield>
    <subfield code="r">2026-04-10 16:07:17</subfield>
    <subfield code="w">2026-04-10</subfield>
    <subfield code="y">RN</subfield>
  </datafield>
  <datafield tag="952" ind1=" " ind2=" ">
    <subfield code="0">0</subfield>
    <subfield code="1">0</subfield>
    <subfield code="4">0</subfield>
    <subfield code="7">0</subfield>
    <subfield code="a">BCEJYS</subfield>
    <subfield code="b">BCEJYS</subfield>
    <subfield code="c">17</subfield>
    <subfield code="d">2007-03-01</subfield>
    <subfield code="h">N&#xBA; 32 - mar. 2007</subfield>
    <subfield code="l">0</subfield>
    <subfield code="o">H330 TRA 32</subfield>
    <subfield code="p">R06317</subfield>
    <subfield code="r">2026-04-10 16:07:17</subfield>
    <subfield code="w">2026-04-10</subfield>
    <subfield code="y">RN</subfield>
  </datafield>
  <datafield tag="952" ind1=" " ind2=" ">
    <subfield code="0">0</subfield>
    <subfield code="1">0</subfield>
    <subfield code="4">0</subfield>
    <subfield code="7">0</subfield>
    <subfield code="a">BCEJYS</subfield>
    <subfield code="b">BCEJYS</subfield>
    <subfield code="c">17</subfield>
    <subfield code="d">2007-02-01</subfield>
    <subfield code="h">N&#xBA; 31 - feb. 2007</subfield>
    <subfield code="l">0</subfield>
    <subfield code="o">H330 TRA 31</subfield>
    <subfield code="p">R06316</subfield>
    <subfield code="r">2026-04-10 16:07:17</subfield>
    <subfield code="w">2026-04-10</subfield>
    <subfield code="y">RN</subfield>
  </datafield>
  <datafield tag="952" ind1=" " ind2=" ">
    <subfield code="0">0</subfield>
    <subfield code="1">0</subfield>
    <subfield code="4">0</subfield>
    <subfield code="7">0</subfield>
    <subfield code="a">BCEJYS</subfield>
    <subfield code="b">BCEJYS</subfield>
    <subfield code="c">17</subfield>
    <subfield code="d">2006-11-01</subfield>
    <subfield code="h">N&#xBA; 30 - nov. 2006</subfield>
    <subfield code="l">0</subfield>
    <subfield code="o">H330 TRA 30</subfield>
    <subfield code="p">R06315</subfield>
    <subfield code="r">2026-04-10 16:07:17</subfield>
    <subfield code="w">2026-04-10</subfield>
    <subfield code="y">RN</subfield>
  </datafield>
  <datafield tag="952" ind1=" " ind2=" ">
    <subfield code="0">0</subfield>
    <subfield code="1">0</subfield>
    <subfield code="4">0</subfield>
    <subfield code="7">0</subfield>
    <subfield code="a">BCEJYS</subfield>
    <subfield code="b">BCEJYS</subfield>
    <subfield code="c">17</subfield>
    <subfield code="d">2006-07-01</subfield>
    <subfield code="h">N&#xBA; 29 - jul. 2006</subfield>
    <subfield code="l">0</subfield>
    <subfield code="o">H330 TRA 29</subfield>
    <subfield code="p">R06314</subfield>
    <subfield code="r">2026-04-10 16:07:17</subfield>
    <subfield code="w">2026-04-10</subfield>
    <subfield code="y">RN</subfield>
  </datafield>
  <datafield tag="952" ind1=" " ind2=" ">
    <subfield code="0">0</subfield>
    <subfield code="1">0</subfield>
    <subfield code="4">0</subfield>
    <subfield code="7">0</subfield>
    <subfield code="a">BCEJYS</subfield>
    <subfield code="b">BCEJYS</subfield>
    <subfield code="c">17</subfield>
    <subfield code="d">2006-06-01</subfield>
    <subfield code="h">N&#xBA; 28 - jun. 2006</subfield>
    <subfield code="l">0</subfield>
    <subfield code="o">H330 TRA 28</subfield>
    <subfield code="p">R06313</subfield>
    <subfield code="r">2026-04-10 16:07:17</subfield>
    <subfield code="w">2026-04-10</subfield>
    <subfield code="y">RN</subfield>
  </datafield>
  <datafield tag="952" ind1=" " ind2=" ">
    <subfield code="0">0</subfield>
    <subfield code="1">0</subfield>
    <subfield code="4">0</subfield>
    <subfield code="7">0</subfield>
    <subfield code="a">BCEJYS</subfield>
    <subfield code="b">BCEJYS</subfield>
    <subfield code="c">17</subfield>
    <subfield code="d">2006-05-01</subfield>
    <subfield code="h">N&#xBA; 27 - mayo 2006</subfield>
    <subfield code="l">0</subfield>
    <subfield code="o">H330 TRA 27</subfield>
    <subfield code="p">R06312</subfield>
    <subfield code="r">2026-04-10 16:07:17</subfield>
    <subfield code="w">2026-04-10</subfield>
    <subfield code="y">RN</subfield>
  </datafield>
  <datafield tag="952" ind1=" " ind2=" ">
    <subfield code="0">0</subfield>
    <subfield code="1">0</subfield>
    <subfield code="4">0</subfield>
    <subfield code="7">0</subfield>
    <subfield code="a">BCEJYS</subfield>
    <subfield code="b">BCEJYS</subfield>
    <subfield code="c">17</subfield>
    <subfield code="d">2006-03-01</subfield>
    <subfield code="h">N&#xBA; 26 - mar. 2006</subfield>
    <subfield code="l">0</subfield>
    <subfield code="o">H330 TRA 26</subfield>
    <subfield code="p">R06311</subfield>
    <subfield code="r">2026-04-10 16:07:17</subfield>
    <subfield code="w">2026-04-10</subfield>
    <subfield code="y">RN</subfield>
  </datafield>
  <datafield tag="952" ind1=" " ind2=" ">
    <subfield code="0">0</subfield>
    <subfield code="1">0</subfield>
    <subfield code="4">0</subfield>
    <subfield code="7">0</subfield>
    <subfield code="a">BCEJYS</subfield>
    <subfield code="b">BCEJYS</subfield>
    <subfield code="c">17</subfield>
    <subfield code="d">2005-10-01</subfield>
    <subfield code="h">N&#xBA; 25 - oct. 2005</subfield>
    <subfield code="l">0</subfield>
    <subfield code="o">H330 TRA 25</subfield>
    <subfield code="p">R01822</subfield>
    <subfield code="r">2026-04-10 16:07:17</subfield>
    <subfield code="w">2026-04-10</subfield>
    <subfield code="y">RN</subfield>
  </datafield>
  <datafield tag="952" ind1=" " ind2=" ">
    <subfield code="0">0</subfield>
    <subfield code="1">0</subfield>
    <subfield code="4">0</subfield>
    <subfield code="7">0</subfield>
    <subfield code="a">BCEJYS</subfield>
    <subfield code="b">BCEJYS</subfield>
    <subfield code="c">17</subfield>
    <subfield code="d">2005-08-01</subfield>
    <subfield code="h">N&#xBA; 24 - ago. 2005</subfield>
    <subfield code="l">0</subfield>
    <subfield code="o">H330 TRA 24</subfield>
    <subfield code="p">R01821</subfield>
    <subfield code="r">2026-04-10 16:07:17</subfield>
    <subfield code="w">2026-04-10</subfield>
    <subfield code="y">RN</subfield>
  </datafield>
  <datafield tag="952" ind1=" " ind2=" ">
    <subfield code="0">0</subfield>
    <subfield code="1">0</subfield>
    <subfield code="4">0</subfield>
    <subfield code="7">0</subfield>
    <subfield code="a">BCEJYS</subfield>
    <subfield code="b">BCEJYS</subfield>
    <subfield code="c">17</subfield>
    <subfield code="d">2005-04-01</subfield>
    <subfield code="h">N&#xBA; 23 - abr. 2005</subfield>
    <subfield code="l">0</subfield>
    <subfield code="o">H330 TRA 23</subfield>
    <subfield code="p">R00676</subfield>
    <subfield code="r">2026-04-10 16:07:17</subfield>
    <subfield code="w">2026-04-10</subfield>
    <subfield code="y">RN</subfield>
  </datafield>
  <datafield tag="952" ind1=" " ind2=" ">
    <subfield code="0">0</subfield>
    <subfield code="1">0</subfield>
    <subfield code="4">0</subfield>
    <subfield code="7">0</subfield>
    <subfield code="a">BCEJYS</subfield>
    <subfield code="b">BCEJYS</subfield>
    <subfield code="c">17</subfield>
    <subfield code="d">2005-02-01</subfield>
    <subfield code="h">N&#xBA; 22 - feb. 2005</subfield>
    <subfield code="l">0</subfield>
    <subfield code="o">H330 TRA 22</subfield>
    <subfield code="p">R00675</subfield>
    <subfield code="r">2026-04-10 16:07:17</subfield>
    <subfield code="w">2026-04-10</subfield>
    <subfield code="y">RN</subfield>
  </datafield>
  <datafield tag="952" ind1=" " ind2=" ">
    <subfield code="0">0</subfield>
    <subfield code="1">0</subfield>
    <subfield code="4">0</subfield>
    <subfield code="7">0</subfield>
    <subfield code="a">BCEJYS</subfield>
    <subfield code="b">BCEJYS</subfield>
    <subfield code="c">17</subfield>
    <subfield code="d">2004-08-01</subfield>
    <subfield code="h">N&#xBA; 21 - ago. 2004</subfield>
    <subfield code="l">0</subfield>
    <subfield code="o">H330 TRA 21</subfield>
    <subfield code="p">R06310</subfield>
    <subfield code="r">2026-04-10 16:07:17</subfield>
    <subfield code="w">2026-04-10</subfield>
    <subfield code="y">RN</subfield>
  </datafield>
  <datafield tag="952" ind1=" " ind2=" ">
    <subfield code="0">0</subfield>
    <subfield code="1">0</subfield>
    <subfield code="4">0</subfield>
    <subfield code="7">0</subfield>
    <subfield code="a">BCEJYS</subfield>
    <subfield code="b">BCEJYS</subfield>
    <subfield code="c">17</subfield>
    <subfield code="d">2004-07-01</subfield>
    <subfield code="h">N&#xBA; 20 - jul. 2004</subfield>
    <subfield code="l">0</subfield>
    <subfield code="o">H330 TRA 20</subfield>
    <subfield code="p">R06309</subfield>
    <subfield code="r">2026-04-10 16:07:17</subfield>
    <subfield code="w">2026-04-10</subfield>
    <subfield code="y">RN</subfield>
  </datafield>
  <datafield tag="952" ind1=" " ind2=" ">
    <subfield code="0">0</subfield>
    <subfield code="1">0</subfield>
    <subfield code="4">0</subfield>
    <subfield code="7">0</subfield>
    <subfield code="a">BCEJYS</subfield>
    <subfield code="b">BCEJYS</subfield>
    <subfield code="c">17</subfield>
    <subfield code="d">2004-05-01</subfield>
    <subfield code="h">N&#xBA; 19 - mayo 2004</subfield>
    <subfield code="l">0</subfield>
    <subfield code="o">H330 TRA 19</subfield>
    <subfield code="p">R00251</subfield>
    <subfield code="r">2026-04-10 16:07:17</subfield>
    <subfield code="w">2026-04-10</subfield>
    <subfield code="y">RN</subfield>
  </datafield>
  <datafield tag="952" ind1=" " ind2=" ">
    <subfield code="0">0</subfield>
    <subfield code="1">0</subfield>
    <subfield code="4">0</subfield>
    <subfield code="7">0</subfield>
    <subfield code="a">BCEJYS</subfield>
    <subfield code="b">BCEJYS</subfield>
    <subfield code="c">17</subfield>
    <subfield code="d">2003-11-01</subfield>
    <subfield code="h">N&#xBA; 18 - nov. 2003</subfield>
    <subfield code="l">0</subfield>
    <subfield code="o">H330 TRA 18</subfield>
    <subfield code="p">R00252</subfield>
    <subfield code="r">2026-04-10 16:07:17</subfield>
    <subfield code="w">2026-04-10</subfield>
    <subfield code="y">RN</subfield>
  </datafield>
  <datafield tag="952" ind1=" " ind2=" ">
    <subfield code="0">0</subfield>
    <subfield code="1">0</subfield>
    <subfield code="4">0</subfield>
    <subfield code="7">0</subfield>
    <subfield code="a">BCEJYS</subfield>
    <subfield code="b">BCEJYS</subfield>
    <subfield code="c">17</subfield>
    <subfield code="d">2003-10-01</subfield>
    <subfield code="h">N&#xBA; 17 - oct. 2003</subfield>
    <subfield code="l">0</subfield>
    <subfield code="o">H330 TRA 17</subfield>
    <subfield code="p">R01548</subfield>
    <subfield code="r">2026-04-10 16:07:17</subfield>
    <subfield code="w">2026-04-10</subfield>
    <subfield code="y">RN</subfield>
  </datafield>
  <datafield tag="952" ind1=" " ind2=" ">
    <subfield code="0">0</subfield>
    <subfield code="1">0</subfield>
    <subfield code="4">0</subfield>
    <subfield code="7">0</subfield>
    <subfield code="a">BCEJYS</subfield>
    <subfield code="b">BCEJYS</subfield>
    <subfield code="c">17</subfield>
    <subfield code="d">2003-09-01</subfield>
    <subfield code="h">N&#xBA; 16 - sep. 2003</subfield>
    <subfield code="l">0</subfield>
    <subfield code="o">H330 TRA 16</subfield>
    <subfield code="p">R00253</subfield>
    <subfield code="r">2026-04-10 16:07:17</subfield>
    <subfield code="w">2026-04-10</subfield>
    <subfield code="y">RN</subfield>
  </datafield>
  <datafield tag="952" ind1=" " ind2=" ">
    <subfield code="0">0</subfield>
    <subfield code="1">0</subfield>
    <subfield code="4">0</subfield>
    <subfield code="7">0</subfield>
    <subfield code="a">BCEJYS</subfield>
    <subfield code="b">BCEJYS</subfield>
    <subfield code="c">17</subfield>
    <subfield code="d">2002-12-01</subfield>
    <subfield code="h">N&#xBA; 15 - dic. 2002</subfield>
    <subfield code="l">0</subfield>
    <subfield code="o">H330 TRA 15</subfield>
    <subfield code="p">R00254</subfield>
    <subfield code="r">2026-04-10 16:07:17</subfield>
    <subfield code="w">2026-04-10</subfield>
    <subfield code="y">RN</subfield>
  </datafield>
  <datafield tag="952" ind1=" " ind2=" ">
    <subfield code="0">0</subfield>
    <subfield code="1">0</subfield>
    <subfield code="4">0</subfield>
    <subfield code="7">0</subfield>
    <subfield code="a">BCEJYS</subfield>
    <subfield code="b">BCEJYS</subfield>
    <subfield code="c">17</subfield>
    <subfield code="d">2002-11-01</subfield>
    <subfield code="h">N&#xBA; 14 - nov. 2002</subfield>
    <subfield code="l">0</subfield>
    <subfield code="o">H330 TRA 14</subfield>
    <subfield code="p">R00255</subfield>
    <subfield code="r">2026-04-10 16:07:17</subfield>
    <subfield code="w">2026-04-10</subfield>
    <subfield code="y">RN</subfield>
  </datafield>
  <datafield tag="952" ind1=" " ind2=" ">
    <subfield code="0">0</subfield>
    <subfield code="1">0</subfield>
    <subfield code="4">0</subfield>
    <subfield code="7">0</subfield>
    <subfield code="a">BCEJYS</subfield>
    <subfield code="b">BCEJYS</subfield>
    <subfield code="c">17</subfield>
    <subfield code="d">2002-11-01</subfield>
    <subfield code="h">N&#xBA; 13 - nov. 2002</subfield>
    <subfield code="l">0</subfield>
    <subfield code="o">H330 TRA 13</subfield>
    <subfield code="p">R00256</subfield>
    <subfield code="r">2026-04-10 16:07:18</subfield>
    <subfield code="w">2026-04-10</subfield>
    <subfield code="y">RN</subfield>
  </datafield>
  <datafield tag="952" ind1=" " ind2=" ">
    <subfield code="0">0</subfield>
    <subfield code="1">0</subfield>
    <subfield code="4">0</subfield>
    <subfield code="7">0</subfield>
    <subfield code="a">BCEJYS</subfield>
    <subfield code="b">BCEJYS</subfield>
    <subfield code="c">17</subfield>
    <subfield code="d">2002-05-01</subfield>
    <subfield code="h">N&#xBA; 12 - mayo 2002</subfield>
    <subfield code="l">0</subfield>
    <subfield code="o">H330 TRA 12</subfield>
    <subfield code="p">R00257</subfield>
    <subfield code="r">2026-04-10 16:07:18</subfield>
    <subfield code="w">2026-04-10</subfield>
    <subfield code="y">RN</subfield>
  </datafield>
  <datafield tag="952" ind1=" " ind2=" ">
    <subfield code="0">0</subfield>
    <subfield code="1">0</subfield>
    <subfield code="4">0</subfield>
    <subfield code="7">0</subfield>
    <subfield code="a">BCEJYS</subfield>
    <subfield code="b">BCEJYS</subfield>
    <subfield code="c">17</subfield>
    <subfield code="d">2002-05-01</subfield>
    <subfield code="h">N&#xBA; 11 - mayo 2002</subfield>
    <subfield code="l">0</subfield>
    <subfield code="o">H330 TRA 11</subfield>
    <subfield code="p">R00258</subfield>
    <subfield code="r">2026-04-10 16:07:18</subfield>
    <subfield code="w">2026-04-10</subfield>
    <subfield code="y">RN</subfield>
  </datafield>
  <datafield tag="952" ind1=" " ind2=" ">
    <subfield code="0">0</subfield>
    <subfield code="1">0</subfield>
    <subfield code="4">0</subfield>
    <subfield code="7">0</subfield>
    <subfield code="a">BCEJYS</subfield>
    <subfield code="b">BCEJYS</subfield>
    <subfield code="c">17</subfield>
    <subfield code="d">2002-05-01</subfield>
    <subfield code="h">N&#xBA; 10 - mayo 2002</subfield>
    <subfield code="l">0</subfield>
    <subfield code="o">H330 TRA 10</subfield>
    <subfield code="p">R00259</subfield>
    <subfield code="r">2026-04-10 16:07:18</subfield>
    <subfield code="w">2026-04-10</subfield>
    <subfield code="y">RN</subfield>
  </datafield>
  <datafield tag="952" ind1=" " ind2=" ">
    <subfield code="0">0</subfield>
    <subfield code="1">0</subfield>
    <subfield code="4">0</subfield>
    <subfield code="7">0</subfield>
    <subfield code="a">BCEJYS</subfield>
    <subfield code="b">BCEJYS</subfield>
    <subfield code="c">17</subfield>
    <subfield code="d">2001-12-01</subfield>
    <subfield code="h">N&#xBA; 9 - dic. 2001</subfield>
    <subfield code="l">0</subfield>
    <subfield code="o">H330 TRA 9</subfield>
    <subfield code="p">R00260</subfield>
    <subfield code="r">2026-04-10 16:07:18</subfield>
    <subfield code="w">2026-04-10</subfield>
    <subfield code="y">RN</subfield>
  </datafield>
  <datafield tag="952" ind1=" " ind2=" ">
    <subfield code="0">0</subfield>
    <subfield code="1">0</subfield>
    <subfield code="4">0</subfield>
    <subfield code="7">0</subfield>
    <subfield code="a">BCEJYS</subfield>
    <subfield code="b">BCEJYS</subfield>
    <subfield code="c">17</subfield>
    <subfield code="d">2001-09-01</subfield>
    <subfield code="h">N&#xBA; 8 - sep. 2001</subfield>
    <subfield code="l">0</subfield>
    <subfield code="o">H330 TRA 8</subfield>
    <subfield code="p">R06308</subfield>
    <subfield code="r">2026-04-10 16:07:18</subfield>
    <subfield code="w">2026-04-10</subfield>
    <subfield code="y">RN</subfield>
  </datafield>
  <datafield tag="952" ind1=" " ind2=" ">
    <subfield code="0">0</subfield>
    <subfield code="1">0</subfield>
    <subfield code="4">0</subfield>
    <subfield code="7">0</subfield>
    <subfield code="a">BCEJYS</subfield>
    <subfield code="b">BCEJYS</subfield>
    <subfield code="c">17</subfield>
    <subfield code="d">2001-07-01</subfield>
    <subfield code="h">N&#xBA; 7 - jul.2001</subfield>
    <subfield code="l">0</subfield>
    <subfield code="o">H330 TRA 7</subfield>
    <subfield code="p">R00261</subfield>
    <subfield code="r">2026-04-10 16:07:18</subfield>
    <subfield code="w">2026-04-10</subfield>
    <subfield code="y">RN</subfield>
  </datafield>
  <datafield tag="952" ind1=" " ind2=" ">
    <subfield code="0">0</subfield>
    <subfield code="1">0</subfield>
    <subfield code="4">0</subfield>
    <subfield code="7">0</subfield>
    <subfield code="a">BCEJYS</subfield>
    <subfield code="b">BCEJYS</subfield>
    <subfield code="c">17</subfield>
    <subfield code="d">2001-07-01</subfield>
    <subfield code="h">N&#xBA; 6 - jul. 2001</subfield>
    <subfield code="l">0</subfield>
    <subfield code="o">H330 TRA 6</subfield>
    <subfield code="p">R06307</subfield>
    <subfield code="r">2026-04-10 16:07:18</subfield>
    <subfield code="w">2026-04-10</subfield>
    <subfield code="y">RN</subfield>
  </datafield>
  <datafield tag="952" ind1=" " ind2=" ">
    <subfield code="0">0</subfield>
    <subfield code="1">0</subfield>
    <subfield code="4">0</subfield>
    <subfield code="7">0</subfield>
    <subfield code="a">BCEJYS</subfield>
    <subfield code="b">BCEJYS</subfield>
    <subfield code="c">17</subfield>
    <subfield code="d">2001-04-01</subfield>
    <subfield code="h">N&#xBA; 5 - abr. 2001</subfield>
    <subfield code="l">0</subfield>
    <subfield code="o">H330 TRA 5</subfield>
    <subfield code="p">R00262</subfield>
    <subfield code="r">2026-04-10 16:07:18</subfield>
    <subfield code="w">2026-04-10</subfield>
    <subfield code="y">RN</subfield>
  </datafield>
  <datafield tag="952" ind1=" " ind2=" ">
    <subfield code="0">0</subfield>
    <subfield code="1">0</subfield>
    <subfield code="4">0</subfield>
    <subfield code="7">0</subfield>
    <subfield code="a">BCEJYS</subfield>
    <subfield code="b">BCEJYS</subfield>
    <subfield code="c">17</subfield>
    <subfield code="d">2000-12-01</subfield>
    <subfield code="h">N&#xBA; 4 - dic. 2000</subfield>
    <subfield code="l">0</subfield>
    <subfield code="o">H330 TRA 4</subfield>
    <subfield code="p">R00263</subfield>
    <subfield code="r">2026-04-10 16:07:18</subfield>
    <subfield code="w">2026-04-10</subfield>
    <subfield code="y">RN</subfield>
  </datafield>
  <datafield tag="952" ind1=" " ind2=" ">
    <subfield code="0">0</subfield>
    <subfield code="1">0</subfield>
    <subfield code="4">0</subfield>
    <subfield code="7">0</subfield>
    <subfield code="a">BCEJYS</subfield>
    <subfield code="b">BCEJYS</subfield>
    <subfield code="c">17</subfield>
    <subfield code="d">2000-10-01</subfield>
    <subfield code="h">N&#xBA; 3 - oct. 2000</subfield>
    <subfield code="l">0</subfield>
    <subfield code="o">H330 TRA 3</subfield>
    <subfield code="p">R00264</subfield>
    <subfield code="r">2026-04-10 16:07:18</subfield>
    <subfield code="w">2026-04-10</subfield>
    <subfield code="y">RN</subfield>
  </datafield>
  <datafield tag="952" ind1=" " ind2=" ">
    <subfield code="0">0</subfield>
    <subfield code="1">0</subfield>
    <subfield code="4">0</subfield>
    <subfield code="7">0</subfield>
    <subfield code="a">BCEJYS</subfield>
    <subfield code="b">BCEJYS</subfield>
    <subfield code="c">17</subfield>
    <subfield code="d">2000-08-01</subfield>
    <subfield code="h">N&#xBA; 2 - ago. 2000</subfield>
    <subfield code="l">0</subfield>
    <subfield code="o">H330 TRA 2</subfield>
    <subfield code="p">R10121</subfield>
    <subfield code="r">2026-04-10 16:07:18</subfield>
    <subfield code="w">2026-04-10</subfield>
    <subfield code="y">RN</subfield>
  </datafield>
</record>
